Vínne trhy Pezinok 2003

Bibliographic Details
Corporate Author: Vínne trhy Pezinok, Slovensko (Author)
Other Authors: Janečka, Ľubomír (Compiler), Oravec, Milan, fotograf (fot)
Format: Conference Proceeding Book
Language:Slovak
PhysicalDescription:74 s. fotogr., rekl. 21 cm
Published: [Pezinok] Združenie pezinských vinohradníkov a vinárov [2003]
ISBN:8096894684
Edition:[1. vyd.]
Subjects:

MARC

LEADER 00000nam a2200000 a 4500
001 vtls001474886
003 SK-MaSNL
005 20260302073540.0
008 160624s2003 xo a 0 slo
015 |a SNBE2004/02-00906 
020 |a 8096894684 
035 |a SNK000430187 
040 |a SNK  |b slo  |c SNK  |e AACR2 
041 0 |a slo 
043 |a e-xo--- 
044 |a xo  |c SK 
072 7 |a 663  |x Priemysel nápojov. Kvasný priemysel. Priemysel pochutín  |2 konspekt 
080 |a 663.2  |2 1981 
080 |a 663.21/.22  |2 1981 
080 |a 634.8  |2 1981 
080 |a (083.81)  |2 1981 
080 |a (083.97)  |2 1981 
080 |a (437.6)  |2 1981 
111 1 |a Vínne trhy  |n (8. :  |d 2003 :  |c Pezinok, Slovensko)  |4 aut  |9 36428 
245 1 |a Vínne trhy Pezinok 2003  |c zostavili: Ľubomír Janečka, Marta Majbová ; foto: Milan Oravec 
250 |a [1. vyd.] 
260 |a [Pezinok]  |b Združenie pezinských vinohradníkov a vinárov  |c [2003] 
300 |a 74 s.  |b fotogr., rekl.  |c 21 cm 
500 |a 1300 výt. 
610 2 7 |a Vínne trhy  |b 8.  |d 2003  |c Pezinok, Slovensko  |2 SNKKA  |9 738111 
611 2 7 |a Vínne trhy  |n 8.  |d 2003  |c Pezinok, Slovensko  |2 SNKKA  |9 738112 
650 0 7 |a víno  |2 SNKPH  |9 1658 
650 0 7 |a vinárstvo  |2 SNKPH  |9 1656 
650 0 7 |a vinohradnícke oblasti  |2 SNKPH  |9 68062 
651 7 |a Pezinok (Slovensko : okres)  |2 SNKPH  |9 71003 
651 7 |a Pezinok (Slovensko)  |2 SNKPH  |9 15835 
655 7 |a katalógy  |2 SNKPH  |9 60821 
655 7 |a programy podujatí  |2 SNKPH  |9 70446 
700 1 |a Janečka, Ľubomír  |4 com  |9 467140 
700 1 |a Oravec, Milan,  |c fotograf  |4 fot  |9 738113 
919 |a 80-968946-8-4 
999 |c 1161269  |d 1163199 
952 |t P60, <04>, [BOOK], {604}  |a SNK  |b SNK  |y VYP  |7 0  |p 17A0428994  |o snkOSC 22661/2003 D1  |i snkKSP 6460/2004  |0 0  |1 0  |4 0  |d 2004-05-17  |l 0  |r 2005-01-02 00:00:00  |w 2026-02-24 
952 |t P60, <03>, [BOOK], {603}  |a SNK  |b SNK  |y PREZ  |7 0  |p 17A0428995  |o snkOSC 22661/2003  |i snkKSP 6459/2004  |0 0  |1 0  |4 0  |d 2004-05-17  |l 0  |r 2005-01-02 00:00:00  |w 2026-02-24